| 000 | 00977nam a2200217Ia 4500 | ||
|---|---|---|---|
| 003 | OSt | ||
| 005 | 20241009153151.0 | ||
| 007 | ca aa aaaaa | ||
| 008 | 201103s9999 xx 000 0 und d | ||
| 040 | _cSSBUL | ||
| 041 | _abur | ||
| 082 |
_223 _a၂၉၄.၃၄၃၅၀၉ ကျေ် _b၉၂၇၅(၁) S-SAT |
||
| 100 | 0 |
_aကျော်၊ ဦး၊ ကဝိဓဇဘွဲ့ခံ- _917371 |
|
| 245 | 1 | 0 |
_aငါးထပ်ဘုရားကြီးသမိုင်း / _cကဝိဓဇဘွဲ့ခံ ဦးကျော်။ |
| 250 | _aဒုတိယအကြိမ်။ | ||
| 260 |
_aရန်ကုန် ၊ _bပါဒကြီးပရိယတ္တိစာသင်တိုက် ၊ _c၁၉၉၄။ |
||
| 300 |
_aည၊ ၉၉ စာမျက်နှာ ၊ _c၂၀ စင်တီ။ |
||
| 500 | _aS-SAT: Dr. Sai Aung Tun | ||
| 650 |
_aငါးထပ်ဘုရားကြီး _xသမိုင်း _954976 |
||
| 942 |
_2ddc _cBK1 |
||
| 999 |
_c16773 _d16773 |
||